| 000 | 00676nam a22002057a 4500 | ||
|---|---|---|---|
| 005 | 20250908151326.0 | ||
| 008 | 250908b |||||||| |||| 00| 0 eng d | ||
| 037 | _cREF | ||
| 040 |
_aEng _cEnglish |
||
| 084 |
_a2:(D65,8(B)) P8 _qAL |
||
| 100 |
_aby Koganuramath, Muttayya _9820322 |
||
| 245 | _aInternational conference on knowledge for all role of libraries and information centers | ||
| 260 |
_aIndia, Mumbai _bSita Pub _c2008 |
||
| 300 | _a920p. | ||
| 365 |
_b1600 _cINR |
||
| 650 | _2LIBRARY SCIENCE | ||
| 700 |
_a; by Koganuramath, Muttayya _eAuthor _9820323 |
||
| 942 |
_2CC _cREF _h2:(D65,8(B)) P8 _n0 |
||
| 999 |
_c1435235 _d1435235 |
||